Solidale o immatura? La famiglia al tempo della crisi (Record no. 218753)

MARC details
000 -LEADER
campo di controllo lung. fissa 00625nas a2200229Ia 4500
001 - Numero di controllo
campo di controllo dd34-48047
003 - Identificatore del numero di controllo
campo di controllo IT-MiCISF
005 - Data e orario dell'ultima transazione
campo di controllo 20230203111954.0
008 - Elementi di lunghezza fissa--Informazione generale
campo di controllo lung. fissa 161014c99999999xx |||||||||||| ||und||
040 ## - Fonte della catalogazione
Agenzia catalografica originale IT-MiCISF
Agenzia che fa la trascrizione IT-MiCISF
041 ## - Codice di lingua
Codice di lingua del testo/traccia sonora o titolo separato ITALIANO
100 ## - Accesso principale -- nome di persona
Nome di persona Rossi Francesco, Boffi Pietro
9 (RLIN) 59329
245 #0 - Formulazione del titolo
Titolo Solidale o immatura? La famiglia al tempo della crisi
250 ## - Formulazione di edizione
Formulazione di edizione "I martedì", n. 10, dicembre
260 ## - Pubblicazione, distribuzione, ecc. (stampa)
Data di pubblicazione, distribuzione, ecc. 2009
300 ## - Descrizione fisica
Estensione pp. 10-13
500 ## - Nota generale
Nota generale Tema: famiglia, società, crisi-famiglia
650 ## - Accesso aggiunto di soggetto--termine topico
Termine topico o nome geografico come accesso FAMIGLIA
9 (RLIN) 56036
654 ## - Accesso aggiunto di soggetto--termini topici faccettati
Termine principale intervista
942 ## - Dati aggiuntivi (Koha)
Tipo copia default (Koha) RIVISTA
Fonte della classificazione o dello schema di collocazione (segnatura) Dewey Decimal Classification
999 ## - Sys Number locale (Koha)
Koha Dewey Subclass [OBSOLETE] Si
Holdings
Ritirato (status) Perso (status) Danneggiato (status) Non per il presito Biblioteca proprietaria Biblioteca in cui si trova Data d'acquisizione Totale prestiti Collocazione Data ultima operazione Prezzo in vigore dal Tipo copia default (Koha) Nota pubblica
    Buone Condizioni Not For Loan CISF - Milano CISF - Milano 14/10/2016   dd34-48047 14/10/2016 14/10/2016 RIVISTA Data import 15.10.2016 / by Epidotti, Vaglietti
CREDITS: SOCIETA' SAN PAOLO Via A.Severo, 58 - ROMA (RM) & PERIODICI SAN PAOLO SRL Via Giotto, 36 MILANO & CISF Via Giotto, 36 MILANO & EDIZIONI SAN PAOLO SRL,  Piazza Soncino, 5 CINISELLO BALSAMO (MI) -- ITALY